[Event "Wch U20"]
[Site "Adelaide"]
[Date "1988.??.??"]
[Round "9"]
[White "Wolff, Patrick G"]
[Black "Akopian, Vladimir"]
[Result "1/2-1/2"]
[WhiteElo "2500"]
[BlackElo "2455"]

1.e4 c5 2.Nf3 Nc6 3.d4 cxd4 4.Nxd4 Qb6 5.Nb3 Nf6 6.Nc3 e6 7.Be3 Qc7 8.Bd3 Be7
9.f4 d6 10.Qf3 a6 11.g4 b5 12.g5 Nd7 13.O-O-O Nb4 14.Kb1 Bb7 15.Qh3 O-O 16.Rhg1 Rac8
17.f5 exf5 18.exf5 Nxd3 19.cxd3 b4 20.Ne4 d5 21.Rc1 Qd8 22.Nec5 Nxc5 23.Nxc5 Bxc5
24.Bxc5 Re8 25.Bd4 Rxc1+ 26.Rxc1 Bc8 27.Qf3 Qxg5 28.Rg1 Qxf5 29.Rxg7+ Kf8
30.Qd1 Re6 31.Rg3 Rg6 32.Rf3 Qg4 33.Bc5+ Kg7 34.h3 Qh4 35.Qf1 Be6 36.Rf4 Qg3
37.Bxb4 Qg1 38.Bc3+ Kg8 39.h4 Qxf1+ 40.Rxf1 h5 41.Bf6 Rg3 42.Kc2 Kh7 43.Kc3 Rg4
44.b4 Kg6 45.a4 Bd7 46.Be5 f5 47.Rf4 Bxa4 48.Kd4 Bb5 49.Kxd5 Bxd3 50.Rxg4+ hxg4
51.Bg3 Bb5  1/2-1/2

[Event "Gausdal Int"]
[Site "Gausdal"]
[Date "1988.??.??"]
[Round "?"]
[White "Wolff, Patrick G"]
[Black "Vinke, Dietmar"]
[Result "1-0"]
[WhiteElo "2500"]
[BlackElo "2315"]

1.e4 e5 2.Nf3 d6 3.Bc4 c6 4.d4 Nd7 5.O-O Be7 6.dxe5 dxe5 7.Ng5 Bxg5 8.Qh5 Qe7
9.Qxg5 Qxg5 10.Bxg5 Nc5 11.Nd2 Ne6 12.Be3 Nf6 13.Nf3 Nxe4 14.Nxe5 Nd6 15.Bd3 f6
16.Nf3 O-O 17.Rad1 Nf7 18.Rfe1 Rd8 19.a4 Nc7 20.h3 b6 21.a5 bxa5 22.Ra1 Nd5
23.Bc5 Nd6 24.Nd4 Bb7 25.Rxa5 Nf4 26.Bf1 a6 27.f3 Nb5 28.Nf5  1-0

[Event "Gausdal Int"]
[Site "Gausdal"]
[Date "1988.??.??"]
[Round "?"]
[White "Wolff, Patrick G"]
[Black "Meduna, Eduard"]
[Result "1/2-1/2"]
[WhiteElo "2500"]
[BlackElo "2460"]

1.e4 c6 2.d4 d5 3.exd5 cxd5 4.c4 Nf6 5.Nc3 e6 6.Nf3 Be7 7.cxd5 Nxd5 8.Bc4 O-O
9.O-O b6 10.Nxd5 exd5 11.Bb5 Bd7 12.Bxd7 Qxd7 13.Ne5 Qb7 14.Qg4 Bf6 15.Re1 Bxe5
16.dxe5 Nc6 17.Bg5 Qc8 18.Qd1 Qe6 19.f4 Rac8 20.Rc1 d4 21.Qf3 Nb4 22.a3 Nc2
23.Re4 Ne3 24.Rxc8 Rxc8 25.Rxd4 Nf5 26.Rd1 h6 27.Bd8 Rc2 28.g4 Ne3 29.Re1  1/2-1/2

[Event "Gausdal Int"]
[Site "Gausdal"]
[Date "1988.??.??"]
[Round "?"]
[White "Westerinen, Heikki MJ"]
[Black "Wolff, Patrick G"]
[Result "1-0"]
[WhiteElo "2395"]
[BlackElo "2500"]

1.e4 c5 2.Nf3 e6 3.d4 cxd4 4.Nxd4 Nc6 5.Nb5 d6 6.Bf4 e5 7.Be3 Nf6 8.f3 a6
9.N5c3 b5 10.a4 b4 11.Nd5 Nxd5 12.exd5 Ne7 13.a5 g6 14.Ra4 Bb7 15.Bc4 Nf5
16.Bf2 Ne3 17.Bxe3 Qh4+ 18.Bf2 Qxc4 19.Qd2 Bh6 20.Qxb4 Qxd5 21.O-O O-O 22.Nc3 Qc6
23.Rd1 Rfd8 24.Bb6 Rd7 25.Qh4 Bf4 26.Rxf4 exf4 27.Ne4 Qxc2 28.Nf6+ Kg7 29.Re1 Qd2
30.Nxd7 Rc8 31.Qf6+ Kh6 32.Qh4+ Kg7 33.Qf2 Rc2 34.Bd4+ f6 35.Bxf6+ Kg8 36.Re8+ Kf7
37.Re7+  1-0

[Event "New York op"]
[Site "New York"]
[Date "1988.??.??"]
[Round "?"]
[White "Foisor, Ovidiu"]
[Black "Wolff, Patrick G"]
[Result "1-0"]
[WhiteElo "2495"]
[BlackElo "2530"]

1.Nf3 g6 2.c4 Bg7 3.Nc3 e5 4.d4 exd4 5.Nxd4 Ne7 6.e4 Nbc6 7.Be3 d6 8.Be2 O-O
9.O-O f5 10.Qd2 fxe4 11.Nxe4 Nf5 12.Nxf5 Bxf5 13.Ng3 Be6 14.Rad1 Qe7 15.Bh6 Rae8
16.Bxg7 Qxg7 17.f4 Rd8 18.Ne4 Kh8 19.Nc3 Rde8 20.b3 Ne7 21.Bf3 b6 22.Nb5 Nc8
23.Rde1 a6 24.Nc3 Bd7 25.Bb7 Ne7 26.Bxa6 Nf5 27.b4 Be6 28.Bb5 Re7 29.Nd5 Bxd5
30.cxd5 Ref7 31.Bc4 Ra8 32.Re4 Re7 33.Rfe1 Rae8 34.Re6 Rxe6 35.dxe6 c6 36.b5 Qa7
37.Qc3+ Kg8 38.Bb3 c5 39.Qf6 Qe7 40.Qf7+ Kh8 41.Kf2 Qh4+ 42.Kf1 Qxf4+ 43.Kg1 Qd4+
44.Kh1 Ra8 45.e7 Nxe7 46.Qxe7 c4 47.Bc2 Qf2 48.Bd1 Ra7 49.Qe4 Rxa2 50.Bf3 Ra7
51.h3 Kg7 52.Rc1 Rc7 53.Rc3 Qc5 54.Be2 d5 55.Qe5+ Kh6 56.Qf4+ Kg7 57.Qe5+ Kh6
58.Qf4+ Kg7 59.Rf3 h6 60.Qf6+ Kh7 61.Rg3 Rg7 62.Bh5 g5 63.Bg4 Qxb5 64.Bf5+ Kg8
65.Qe6+ Kf8 66.Bg6  1-0

[Event "New York op"]
[Site "New York"]
[Date "1988.??.??"]
[Round "?"]
[White "Dake, Arthur William"]
[Black "Wolff, Patrick G"]
[Result "0-1"]
[WhiteElo "2335"]
[BlackElo "2530"]

1.Nf3 g6 2.d4 Nf6 3.c4 Bg7 4.Nc3 d5 5.e3 O-O 6.cxd5 Nxd5 7.Bc4 Nxc3 8.bxc3 c5
9.O-O Nc6 10.a4 Qc7 11.Ba2 b6 12.Qe2 Bd7 13.Bd2 Na5 14.e4 e6 15.Be3 cxd4
16.cxd4 Bxa4 17.Bxe6 Bc6 18.Ng5 fxe6 19.Nxe6 Qe7 20.Nxf8 Qxe4 21.f3 Qd5 22.Nxg6 hxg6
23.Rfd1 Re8 24.Qd3 Qc4 25.Rac1 Qxd3 26.Rxd3 Bb5  0-1

[Event "New York op"]
[Site "New York"]
[Date "1988.??.??"]
[Round "?"]
[White "Wolff, Patrick G"]
[Black "Garcia Gonzales, Guillermo"]
[Result "1/2-1/2"]
[WhiteElo "2530"]
[BlackElo "2485"]

1.e4 c6 2.d4 d5 3.exd5 cxd5 4.c4 Nf6 5.Nc3 e6 6.Nf3 Bb4 7.cxd5 exd5 8.Ne5 O-O
9.Bd3 Ne4 10.O-O Bxc3 11.bxc3 Nd7 12.c4 Nxe5 13.dxe5 Bf5 14.Qf3  1/2-1/2

[Event "New York op"]
[Site "New York"]
[Date "1988.??.??"]
[Round "?"]
[White "Wolff, Patrick G"]
[Black "Torre, Eugenio"]
[Result "0-1"]
[WhiteElo "2530"]
[BlackElo "2545"]

1.e4 e5 2.Nf3 Nc6 3.Bb5 Nf6 4.O-O Nxe4 5.d4 Nd6 6.Bg5 Be7 7.Bxe7 Qxe7 8.Bxc6 dxc6
9.dxe5 Nf5 10.Nc3 O-O 11.Qd2 Be6 12.Qf4 Rad8 13.Ne4 Kh8 14.c3 b6 15.Rfe1 c5
16.h3 h6 17.Nh2 Rd3 18.Ng4 Rfd8 19.Ne3 Nxe3 20.Rxe3 Rxe3 21.Qxe3 Rd5 22.f4 Qd7
23.Rf1 Rd1 24.a3 Rxf1+ 25.Kxf1 Qb5+ 26.Kg1 Qxb2 27.g4 Bd5 28.Nd2 Qxa3 29.f5 Qa4
30.c4 Bc6 31.f6 Qa1+ 32.Kh2  0-1

[Event "New York op"]
[Site "New York"]
[Date "1988.??.??"]
[Round "?"]
[White "Gulko, Boris F"]
[Black "Wolff, Patrick G"]
[Result "1/2-1/2"]
[WhiteElo "2595"]
[BlackElo "2530"]

1.d4 Nf6 2.c4 g6 3.Nc3 d5 4.e3 Bg7 5.Qb3 dxc4 6.Bxc4 O-O 7.Nf3 Nc6 8.Ne5 Nxe5
9.dxe5 Ng4 10.f4 c6 11.a4 Rb8 12.h3 Nh6 13.O-O Bd7 14.Rd1 Qc8 15.Kh2 Kh8
16.e4 g5 17.Qc2 b5 18.axb5 cxb5 19.Bb3 a5 20.Qd3 Be6 21.Bxe6 fxe6 22.fxg5 Bxe5+
23.Kh1 Nf7 24.Be3 Qc6 25.Bd4 Kg8 26.Rac1 Qb7 27.g6 hxg6 28.Bxe5 Nxe5 29.Qg3 Qc7
30.Nxb5 Qxc1 31.Rxc1 Rxb5 32.Qg5 Rf7 33.h4 Kh7 34.h5 gxh5 35.Qxh5+ Kg7 36.Qg5+ Kh7
37.b3 Rf6 38.Qg3 Rg6 39.Qe3 Rb4 40.Kg1 Rg4 41.Rc5 Rbxe4 42.Qh3+ Rh4 43.Qc3 Ng6
44.Rg5 a4 45.g3 Rhg4 46.Rxg4 Rxg4 47.b4 Nf4 48.Qc2+ Kg7 49.Qxa4 Nd5 50.Qa1+ Kg6
51.Qe5 Rxb4 52.Qxe6+ Nf6 53.Qxe7 Rg4 54.Kf2 Nh5 55.Qe8+ Kg5 56.Qg8+ Kf5 57.Qh7+ Kg5
58.Qe7+ Kg6 59.Qe8+ Kg5 60.Qe5+ Kg6  1/2-1/2

[Event "New York op"]
[Site "New York"]
[Date "1988.??.??"]
[Round "?"]
[White "Sisniega, Marcel"]
[Black "Wolff, Patrick G"]
[Result "1-0"]
[WhiteElo "2410"]
[BlackElo "2530"]

1.e4 e5 2.Nf3 Nf6 3.d4 Nxe4 4.Bd3 d5 5.Nxe5 Nd7 6.Nxd7 Bxd7 7.O-O Qf6 8.Bxe4 dxe4
9.Nc3 O-O-O 10.Nxe4 Qg6 11.Qd3 Bc6 12.f3 f5 13.Ng3 Bd7 14.Bf4 Bd6 15.Bxd6 Qxd6
16.Nxf5 Qf4 17.Ne7+ Kb8 18.Nd5  1-0

[Event "Hastings Challengers8990"]
[Site "Hastings"]
[Date "1989.??.??"]
[Round "?"]
[White "Flear, Glenn C"]
[Black "Wolff, Patrick G"]
[Result "0-1"]
[WhiteElo "2435"]
[BlackElo "2505"]

1.d4 Nf6 2.c4 c5 3.d5 b5 4.cxb5 a6 5.e3 axb5 6.Bxb5 Qa5+ 7.Nc3 Bb7 8.Ne2 Bxd5
9.O-O Bc6 10.a4 e6 11.Ng3 d5 12.e4 d4 13.e5 Nfd7 14.Bxc6 Nxc6 15.Nb5 Be7
16.Qg4 g6 17.Qe4 Qb6 18.Bh6 Rg8 19.b4 cxb4 20.Nxd4 Qxd4 21.Qxc6 Qd5 22.Qxd5 exd5
23.Rfd1 Ra5 24.Rac1 Nxe5 25.Rc8+ Bd8 26.Rb8 Nc6 27.Rb7 Bf6 28.Re1+ Kd8 29.Rxf7 Be7
30.Ne2 Rxa4 31.Nf4 b3 32.Kf1 b2 33.Nd3 Ne5 34.Rxe7 Nxd3 35.Rb7 Nxe1 36.Rxb2 Re8  0-1

[Event "New York op"]
[Site "New York"]
[Date "1989.??.??"]
[Round "6"]
[White "Chernin, Alexander"]
[Black "Wolff, Patrick G"]
[Result "1-0"]
[WhiteElo "2580"]
[BlackElo "2485"]

1.Nf3 g6 2.c4 Bg7 3.Nc3 c5 4.g3 Nc6 5.Bg2 e6 6.d4 Nxd4 7.Nxd4 cxd4 8.Nb5 Qb6
9.Qa4 a6 10.e3 d3 11.Qa3 Bf8 12.b4 d5 13.O-O f6 14.Nc3 dxc4 15.Na4 Qc7 16.Nc5 Ra7
17.Bb2 b6 18.Ne4 a5 19.Qa4+ b5 20.Qxb5+ Bd7 21.Nxf6+ Nxf6 22.Qg5 Bg7 23.Bxf6 O-O
24.Bxg7 Kxg7 25.b5 Rf5 26.Qe7+ Rf7 27.Qa3 Bxb5 28.Qb2+ c3 29.Qxb5 Qd6 30.Be4 Rfd7
31.Rfd1 d2 32.Bc2 Rdc7 33.Qc4 Rab7 34.Rab1 Qd5 35.Qa4 Rxb1 36.Rxb1 Rc4 37.Qb3 Rb4
38.Qxd5 Rxb1+ 39.Bxb1 exd5 40.Bc2 Kf6 41.Kf1 Ke5 42.Ke2 d4 43.f4+ Kd5 44.exd4 Kxd4
45.g4  1-0

[Event "New York op"]
[Site "New York"]
[Date "1989.??.??"]
[Round "8"]
[White "Dorfman, Josif D"]
[Black "Wolff, Patrick G"]
[Result "1/2-1/2"]
[WhiteElo "2565"]
[BlackElo "2485"]

1.d4 Nf6 2.Nf3 g6 3.Bg5 Bg7 4.c3 O-O 5.Nbd2 d5 6.e3 Nbd7 7.b4 c6 8.Be2 Re8
9.O-O e5 10.c4 exd4 11.Nxd4 Ne5 12.Rc1 a5 13.b5 c5 14.N4f3 Nxc4 15.Nxc4 dxc4
16.Qa4 Qb6 17.Bxf6 Bxf6 18.Bxc4 Bf5 19.Rfd1 Rad8 20.Qb3 Kg7 21.h3 Re7 22.g4 Be4
23.Nd2 Bh4 24.Nxe4 Rxe4 25.Qc3+ Bf6 26.Qc2 Re5 27.Qe2 h6 28.Qf3 Rxd1+ 29.Rxd1 Re7
30.Rd5 Qc7 31.Qd1 a4 32.Kg2 a3 33.Qd3 Bb2 34.Rd6 Bd4 35.Rd5 Bb2 36.h4 Qc8
37.Kg3 Qc7+ 38.Kh3 Qc8 39.h5 gxh5 40.Rxh5 Re5 41.Rxe5 Bxe5 42.Qd5 Qc7 43.b6 Qe7
44.Qe4 Bf6 45.Qf5 Bc3 46.Qd3 Be1 47.Kg2 Qf6 48.Qe2 Ba5 49.Bd5 Qxb6 50.Qf3 Qf6
51.Bxb7 Qxf3+ 52.Kxf3 Be1 53.Ke2 Bc3 54.Bd5 Kf6 55.f4 Ke7 56.e4 f6 57.Bc4 Bb2
58.Kd2 Kd6 59.Kc2 Ke7 60.Kd2 Kd6  1/2-1/2

[Event "Toronto"]
[Site "Toronto"]
[Date "1989.??.??"]
[Round "2"]
[White "Vranesic, Zvonko"]
[Black "Wolff, Patrick G"]
[Result "0-1"]
[WhiteElo "2365"]
[BlackElo "2485"]

1.d4 Nf6 2.c4 c5 3.Nf3 cxd4 4.Nxd4 a6 5.Nc3 Qc7 6.e3 e6 7.Be2 Be7 8.O-O O-O
9.b3 b5 10.Bb2 bxc4 11.Bxc4 Bb7 12.Rc1 Nc6 13.Be2 Rac8 14.Nxc6 Qxc6 15.Bf3 Qb6
16.Na4 Qb5 17.Bxb7 Rxc1 18.Qxc1 Qxb7 19.Qd2 Ne4 20.Qd3 f5 21.Rc1 Rb8 22.Be5 Rc8
23.Rxc8+ Qxc8 24.Bb2 Qc6 25.f3 Nf6 26.Kf2 Nd5 27.Nc3 Nb4 28.Qd2 a5 29.a3 Na6
30.Ne2 Nc5 31.b4 axb4 32.axb4 Na4 33.Ba1 Qb5 34.Nd4 Qxb4 35.Qxb4 Bxb4 36.Nc2 Bc3
37.Bxc3 Nxc3 38.Nd4 Kf7 39.Ke1 Kf6 40.Kd2 Nd5 41.Nb3 g5 42.Nc5 d6 43.Nb7 Ke7
44.Ke2 Kd7 45.Na5 Kc7 46.Nb3 e5 47.Nd2 Nf6 48.h3 Kc6 49.g4 f4 50.e4 d5 51.exd5+ Kxd5
52.Kd3 Nd7 53.Nb1 Nc5+ 54.Ke2 Kc4 55.Nd2+ Kd4 56.Nb1 Nb3 57.Na3 Kd5 58.Kf2 Kc5
59.Nb1 Kc4 60.Na3+ Kd3 61.Nb5 Nc5 62.Na3 h6 63.Nb5 Kd2 64.Nd6 Nd3+ 65.Kf1 Ke3
66.Nf5+ Kxf3 67.Nxh6 Kg3 68.Nf7 Kxh3 69.Ke2 Nc5 70.Nxe5 Kg3 71.Kf1 f3 72.Nc4 Ne4
73.Ne3 Kf4 74.Nd5+ Kxg4 75.Ne3+ Kf4 76.Nd5+ Kg3 77.Ne3 g4 78.Ke1 Kf4 79.Nd5+ Ke5
80.Ne3 g3 81.Nc4+ Kf4  0-1

[Event "Toronto"]
[Site "Toronto"]
[Date "1989.??.??"]
[Round "3"]
[White "Wolff, Patrick G"]
[Black "Dlugy, Maxim"]
[Result "1/2-1/2"]
[WhiteElo "2485"]
[BlackElo "2570"]

1.e4 c5 2.Nf3 d6 3.d4 cxd4 4.Nxd4 Nf6 5.Nc3 Nc6 6.Bc4 e6 7.Be3 Be7 8.Qe2 O-O
9.O-O-O Bd7 10.f4 Qc8 11.Nf3 Qc7 12.Kb1 a6 13.Bd3 e5 14.f5 Nb4 15.Rhg1 d5
16.exd5 Nfxd5 17.Bd2 Bc5 18.Nxd5 Nxd5 19.Rge1 Rae8 20.Ng5 e4 21.Nxe4 Bxf5
22.Qf3 Bg6 23.Ng5 Rxe1 24.Rxe1 Bxd3 25.Qxd3 Nf6 26.Bc3 Rd8 27.Qc4 Nd5 28.Bxg7 Kxg7
29.Qg4 Kh8 30.Qh5 Nf6 31.Nxf7+ Kg8 32.Nh6+ Kh8 33.Nf7+ Kg8 34.Nxd8 Nxh5 35.Re8+ Bf8
36.Rxf8+ Kxf8 37.Ne6+ Ke7 38.Nxc7 Kd6 39.Ne8+ Ke7 40.g4 Nf4 41.Ng7 Nh3 42.Kc1 Kf6
43.Nf5 Kg5 44.Ne3 Ng1 45.Kd1 Nf3 46.Nf1 Kxg4 47.Ke2 Kf4 48.c3 h5 49.Ng3 h4
50.Nh5+  1/2-1/2

[Event "Toronto"]
[Site "Toronto"]
[Date "1989.??.??"]
[Round "4"]
[White "Kovacevic, Vlatko"]
[Black "Wolff, Patrick G"]
[Result "1-0"]
[WhiteElo "2545"]
[BlackElo "2485"]

1.d4 Nf6 2.Nf3 g6 3.Bg5 Bg7 4.e3 O-O 5.Be2 d5 6.Nbd2 Nbd7 7.O-O Re8 8.c4 c6
9.cxd5 cxd5 10.Rc1 e5 11.dxe5 Nxe5 12.Nxe5 Rxe5 13.Nf3 Re7 14.Nd4 h6 15.Bh4 g5
16.Bg3 Ne4 17.Qc2 Nxg3 18.hxg3 Bxd4 19.exd4 Qb6 20.Qd2 Bf5 21.Rc5 Rae8 22.Bb5 Rc8
23.Rxc8+ Bxc8 24.Ba4 Bf5 25.Bb3 Re4 26.Rd1 Qb5 27.Qc3 Re2 28.Re1 Be6 29.Rc1 Kg7
30.a4 Qc6 31.Bc2 Qxc3 32.bxc3 Bd7 33.Kf1 Re8 34.Bb3 Bc6 35.g4 a5 36.f3 Re6
37.Kf2 Re8 38.Ra1 Kf6 39.c4 dxc4 40.Bxc4 Ke7 41.d5 Bd7 42.Ke3 Kd6+ 43.Kd4 b6
44.Rb1 Kc7 45.d6+ Kc6 46.Bxf7 Re2 47.Bd5+ Kxd6 48.Rxb6+ Ke7 49.Rxh6 Bxa4
50.Ra6 Rxg2 51.Rxa5 Bd7 52.Ke5 Bxg4 53.fxg4 Rxg4 54.Ra7+ Kf8 55.Be6 Rf4 56.Bf5 Ke8
57.Rg7 Rf1 58.Kf6 Kd8 59.Rd7+ Ke8 60.Rd2 g4 61.Rh2  1-0

[Event "Toronto"]
[Site "Toronto"]
[Date "1989.??.??"]
[Round "6"]
[White "Bailey, Doug"]
[Black "Wolff, Patrick G"]
[Result "0-1"]
[WhiteElo "2355"]
[BlackElo "2485"]

1.e4 d6 2.d4 Nf6 3.Nc3 g6 4.f4 Bg7 5.Nf3 O-O 6.Bd3 Nc6 7.e5 dxe5 8.fxe5 Nh5
9.Be3 f6 10.Bc4+ Kh8 11.e6 Na5 12.Be2 Bxe6 13.d5 Bg4 14.b4 Bxf3 15.gxf3 f5
16.Nb5 c6 17.Nxa7 cxd5 18.bxa5 d4 19.Bd2 Rxa7 20.Rb1 Be5 21.O-O Qd6 22.Rf2 Nf4
23.Bf1 Nd5 24.Rb3 Rc8 25.Qe1 Rxc2 26.Qb1 Rc7 27.Rb6 Qd8 28.Qb3 Bf6 29.Bc4 Nc3
30.Bf4 Rxa5 31.Bxc7 Qxc7 32.Rxb7 Qf4 33.Bf1 Kg7 34.Qb4 Rxa2 35.Rxe7+ Bxe7
36.Qxe7+ Kh6 37.Qf8+ Kh5 38.Rxa2 Nxa2 39.Qf7 Qe3+ 40.Kg2 Qd2+ 41.Kh3 h6 42.Qf6 Qf4
43.Be2 Nc3 44.Qa6 Nd5 45.Qd6 Qh4+ 46.Kg2 Ne3+  0-1

[Event "New York WFW"]
[Site "New York"]
[Date "1990.??.??"]
[Round "?"]
[White "Wolff, Patrick G"]
[Black "Mednis, Edmar John"]
[Result "1/2-1/2"]
[WhiteElo "2540"]
[BlackElo "2450"]

1.e4 e6 2.d4 d5 3.Nd2 c5 4.Ngf3 cxd4 5.exd5 Qxd5 6.Bc4 Qd6 7.O-O Nf6 8.Nb3 Nc6
9.Nbxd4 Nxd4 10.Nxd4 a6 11.Bb3 Bd7 12.Re1 O-O-O 13.Bg5 Qc7 14.Qf3 Bd6 15.h3 Bh2+
16.Kh1 Be5 17.Rad1 Bxd4 18.Rxd4 Bc6 19.Qc3 Rxd4 20.Qxd4 Rd8 21.Qh4 Qa5 22.c3 Qf5
23.Bc1 g5 24.Bxg5 Rg8 25.f4 Ne4 26.Bd1  1/2-1/2

[Event "New York WFW"]
[Site "New York"]
[Date "1990.??.??"]
[Round "?"]
[White "Wolff, Patrick G"]
[Black "Larsen, Bent"]
[Result "1/2-1/2"]
[WhiteElo "2540"]
[BlackElo "2545"]

1.e4 c5 2.Nf3 Nc6 3.d4 cxd4 4.Nxd4 g6 5.c4 Bg7 6.Be3 Nf6 7.Nc3 d6 8.Be2 O-O
9.O-O Re8 10.Rb1 a6 11.f3 Bd7 12.Nc2 Ne5 13.a4 Qc7 14.Na3 e6 15.f4 Nc6 16.c5 dxc5
17.Bxc5 e5 18.Nc4 Nd4 19.Bd6 Qc6 20.fxe5 Nxe2+ 21.Qxe2 Be6 22.b3 Nd7 23.Nd5 Bxd5
24.exd5 Qxd5 25.Rbd1 Qe6 26.a5 Nxe5 27.Bxe5 Bxe5 28.Qxe5 Qxe5 29.Nxe5 Rxe5
30.Rd7 Rf8 31.Rxb7 Rxa5 32.Ra7 Kg7 33.Rf4 Ra1+ 34.Rf1 Ra3 35.Rf4 g5 36.Rb4 Ra1+
37.Kf2 Ra2+ 38.Kf3 Rc8 39.Rbb7 Rc3+ 40.Ke4 Rf2 41.g3 Rc6 42.Ke3 Rff6 43.Rb4 h6
44.Rc4 Rb6 45.b4 Rb5 46.Re4 Rbf5 47.Kd2 Rf2+ 48.Re2 Rd6+ 49.Ke1 Rxe2+ 50.Kxe2 Rb6
51.Kf3 Kg6 52.h3 f5 53.Rc7 Kh5 54.Rc4 Kg6 55.Rc5 Kf6 56.Ra5 h5 57.Rc5 h4
58.gxh4 gxh4 59.Rc8 Rd6 60.Rf8+ Ke5 61.Re8+ Kf6 62.Rf8+ Kg5 63.Rg8+ Rg6 64.Rc8 Rb6
65.Rg8+ Kf6 66.Rh8 Rxb4 67.Rh6+ Ke5 68.Rxa6 Rb3+ 69.Kg2 Rg3+ 70.Kh2 Rd3 71.Rh6 Rd2+
72.Kg1 Kf4 73.Rh5 Ra2 74.Kf1 Rh2 75.Rxh4+ Kf3 76.Kg1 Rg2+ 77.Kh1 Re2 78.Ra4 f4
79.Ra3+ Re3 80.Ra8 Kg3 81.Rg8+ Kxh3 82.Kg1 Rg3+ 83.Kh1 Kh4 84.Rf8 Kg4 85.Rg8+ Kf3
86.Ra8 Rg6 87.Ra3+ Ke4 88.Ra4+ Kf5 89.Ra5+ Kg4 90.Kg2 Rb6 91.Ra2 Rb3 92.Rc2 Rg3+
93.Kf2 Rh3 94.Kg2 f3+ 95.Kg1 Kg3 96.Rg2+ Kf4 97.Ra2 Rh5 98.Ra8 Rd5  1/2-1/2

[Event "New York WFW"]
[Site "New York"]
[Date "1990.??.??"]
[Round "?"]
[White "Wolff, Patrick G"]
[Black "Fishbein, Alexander"]
[Result "0-1"]
[WhiteElo "2540"]
[BlackElo "2470"]

1.e4 c5 2.Nf3 Nc6 3.d4 cxd4 4.Nxd4 Nf6 5.Nc3 d6 6.Bc4 e6 7.Be3 a6 8.Qe2 Qc7
9.O-O-O Be7 10.Bb3 Na5 11.g4 b5 12.g5 Nxb3+ 13.axb3 Nd7 14.h4 b4 15.Na4 Nc5
16.h5 Bd7 17.Kb1 Bxa4 18.bxa4 Nxa4 19.g6 Bf6 20.f4 O-O 21.gxf7+ Rxf7 22.h6 Rb8
23.Qxa6 Nxb2 24.Nxe6 Qc3 25.Bd4 Bxd4 26.Rxd4 b3 27.cxb3 Qxb3  0-1

[Event "New York WFW"]
[Site "New York"]
[Date "1990.??.??"]
[Round "?"]
[White "Frias, Victor J"]
[Black "Wolff, Patrick G"]
[Result "1/2-1/2"]
[WhiteElo "2515"]
[BlackElo "2540"]

1.d4 f5 2.c4 Nf6 3.Nc3 e6 4.g3 Bb4 5.Bd2 O-O 6.Bg2 d6 7.Qb3 Nc6 8.e3 a5 9.Nge2 a4
10.Qd1 Bd7 11.O-O e5 12.Nd5 Bxd2 13.Qxd2 e4 14.Nxf6+ Qxf6 15.b4 Qf7  1/2-1/2

[Event "New York op"]
[Site "New York"]
[Date "1990.??.??"]
[Round "7"]
[White "Vaganian, Rafael A"]
[Black "Wolff, Patrick G"]
[Result "0-1"]
[WhiteElo "2605"]
[BlackElo "2500"]

1.Nf3 g6 2.d4 Nf6 3.c4 Bg7 4.Nc3 d5 5.Bg5 Ne4 6.cxd5 Nxg5 7.Nxg5 e6 8.Nf3 exd5
9.e3 a5 10.Be2 O-O 11.O-O Re8 12.a3 Bf8 13.Ne5 c6 14.Bg4 Bd6 15.Bxc8 Qxc8
16.Nd3 Nd7 17.Qf3 Qd8 18.b4 Nb6 19.Nc5 Qc7 20.h3 Nc4 21.Rfd1 Qe7 22.Ra2 b6
23.Nd3 axb4 24.axb4 Rxa2 25.Nxa2 b5 26.Nc5 Ra8 27.Nc1 Bxc5 28.dxc5 Ra3 29.Qg4 Qf6
30.Ne2 Ra2 31.Nf4 h5 32.Qc8+ Kg7 33.Qc7 h4 34.Nd3 Nb2 35.Nxb2 Rxb2 36.f3 Qg5
37.Qh2 Qxe3+ 38.Kh1 Rxb4 39.Qd6 Qe2 40.Rg1 Qe6 41.Ra1 Ra4 42.Rc1 Ra2 43.Qf4 Qf6
44.Qd6 Re2 45.f4 Rf2  0-1

[Event "New York op"]
[Site "New York"]
[Date "1990.??.??"]
[Round "8"]
[White "Wolff, Patrick G"]
[Black "Hellers, Ferdinand"]
[Result "1/2-1/2"]
[WhiteElo "2500"]
[BlackElo "2525"]

1.e4 e5 2.Nf3 Nc6 3.Bb5 a6 4.Ba4 Nf6 5.O-O Be7 6.Re1 b5 7.Bb3 O-O 8.c3 d5
9.exd5 Nxd5 10.Nxe5 Nxe5 11.Rxe5 c6 12.Bxd5 cxd5 13.d4 Bd6 14.Re3 Qh4 15.h3 g5
16.Qf3 Be6 17.Qf6 Rfe8 18.Na3 Qh5 19.Bd2 Be7 20.Qe5 Rad8 21.f4 Qg6 22.fxg5 Bf5
23.Qg3 Be4 24.Rf1 Bd6 25.Qh4 Re6 26.Re2 Rde8 27.Rfe1 f6 28.Rf2 Be7 29.gxf6 Rxf6
30.Ree2 Rxf2 31.Qxf2 Rf8 32.Qe3 Bh4 33.c4 Bd3 34.Bb4 Bxe2 35.Bxf8 Bd3 36.Bb4 Be4
37.g4 bxc4 38.Qf4 h5  1/2-1/2

[Event "Philadelphia op2"]
[Site "Philadelphia"]
[Date "1990.??.??"]
[Round "?"]
[White "Wolff, Patrick G"]
[Black "Masculo, Jose"]
[Result "1-0"]
[WhiteElo "2500"]
[BlackElo "2225"]

1.e4 c5 2.Nf3 d6 3.d4 cxd4 4.Nxd4 Nf6 5.Nc3 Nc6 6.Bc4 e6 7.Be3 a6 8.Qe2 Qc7
9.O-O-O Be7 10.Bb3 Na5 11.g4 b5 12.g5 Nxb3+ 13.axb3 Nd7 14.h4 b4 15.Na4 Nc5
16.h5 Bd7 17.Kb1 Rc8 18.g6 Bf6 19.gxf7+ Kxf7 20.e5 Bxe5 21.Nxc5 dxc5 22.Nf3 Bf6
23.Bf4 Bb5 24.Qe3 Qb7 25.Ne5+ Bxe5 26.Bxe5 h6 27.Rhg1 Rhg8 28.Rg6 Rce8 29.Qf4+ Ke7
30.Rxg7+  1-0

[Event "World op"]
[Site "Philadelphia"]
[Date "1990.??.??"]
[Round "3"]
[White "Wolff, Patrick G"]
[Black "McKenna, Geoffrey"]
[Result "1-0"]
[WhiteElo "2500"]
[BlackElo "2240"]

1.e4 c5 2.Nf3 d6 3.d4 cxd4 4.Nxd4 Nf6 5.Nc3 a6 6.Bg5 e6 7.f4 Be7 8.Qf3 Qc7
9.O-O-O Nbd7 10.g4 b5 11.Bxf6 Nxf6 12.g5 Nd7 13.f5 Nc5 14.f6 gxf6 15.gxf6 Bf8
16.Rg1 h5 17.a3 Rb8 18.e5 d5 19.Bh3 b4 20.axb4 Rxb4 21.Nxd5 exd5 22.Bxc8 Ne4
23.Nb3 Qxc8 24.Rxd5 Rc4 25.Rgd1 Rg8 26.Kb1  1-0

[Event "World op"]
[Site "Philadelphia"]
[Date "1990.??.??"]
[Round "7"]
[White "Wolff, Patrick G"]
[Black "Castro Rojas, Oscar Humberto"]
[Result "0-1"]
[WhiteElo "2500"]
[BlackElo "2320"]

1.e4 e5 2.Nf3 Nc6 3.Bb5 a6 4.Ba4 d6 5.c3 Bd7 6.d4 Nge7 7.Bb3 h6 8.Nbd2 Ng6
9.Nf1 Be7 10.Ng3 Bg5 11.Be3 Bf4 12.Bxf4 Nxf4 13.O-O Qf6 14.Re1 h5 15.Nf1 O-O-O
16.Re3 g5 17.d5 Ne7 18.Ne1 Kb8 19.c4 g4 20.Ba4 c6 21.b4 cxd5 22.cxd5 Nc8
23.Bxd7 Rxd7 24.b5 a5 25.Rc1 Qd8 26.Rec3 Qb6 27.Qc2 Ne7 28.a4 f5 29.Ne3 fxe4
30.Kf1 Rf8 31.Rd1 Rc7 32.Rxc7 Qxc7 33.Qxe4 Qc5 34.Rd2 Qc3 35.Rd1 Qb3 36.h4 gxh3
37.gxh3 Rg8 38.Nf5  0-1

[Event "World op"]
[Site "Philadelphia"]
[Date "1990.??.??"]
[Round "9"]
[White "Wolff, Patrick G"]
[Black "Assem, Magdy"]
[Result "1/2-1/2"]
[WhiteElo "2500"]
[BlackElo "2295"]

1.e4 e5 2.Nf3 Nc6 3.Bb5 Nd4 4.Nxd4 exd4 5.O-O Bc5 6.c4 c6 7.Ba4 Ne7 8.d3 O-O
9.Nd2 d6 10.Rb1 a5 11.a3 Bb6 12.b4 axb4 13.axb4 f5 14.Bb3 Kh8 15.exf5 Bxf5
16.Ne4 d5 17.Ng3 dxc4 18.Bxc4 Nd5 19.Nxf5 Rxf5 20.Qg4 Qf6 21.Bxd5 Rxd5 22.Bd2 Qf5
23.Qxf5 Rxf5 24.Ra1 Rff8 25.Rfe1 Kg8  1/2-1/2

[Event "USA-op Los Angeles"]
[Site "Los Angeles"]
[Date "1991.??.??"]
[Round "?"]
[White "Wolff, Patrick G"]
[Black "Akopian, Vladimir"]
[Result "1/2-1/2"]
[WhiteElo "2545"]
[BlackElo "2590"]

1.e4 e5 2.Nf3 Nf6 3.Nxe5 d6 4.Nf3 Nxe4 5.d4 d5 6.Bd3 Bd6 7.O-O O-O 8.c4 c6
9.cxd5 cxd5 10.Nc3 Nxc3 11.bxc3 Bg4 12.h3 Bh5 13.Rb1 b6 14.Re1 Nc6 15.Kf1 Kh8
16.Rb5  1/2-1/2

[Event "USA-op Los Angeles"]
[Site "Los Angeles"]
[Date "1991.??.??"]
[Round "?"]
[White "Rachels, Stuart"]
[Black "Wolff, Patrick G"]
[Result "1/2-1/2"]
[WhiteElo "2485"]
[BlackElo "2545"]

1.e4 c5 2.Nf3 Nc6 3.d4 cxd4 4.Nxd4 Nf6 5.Nc3 d6 6.Bg5 e6 7.Qd2 Be7 8.O-O-O O-O
9.f4 Qa5 10.Nb3 Qb6 11.Be2 Rd8 12.Bf3 a5 13.a4 Nb4 14.Kb1 h6 15.h4 e5 16.Qe2 Be6
17.Bxf6 Bxf6 18.f5 Bxb3 19.cxb3 Rac8 20.g4 d5 21.g5 d4 22.Nd5 Nxd5 23.exd5 hxg5
24.hxg5 Bxg5 25.Qxe5 Qxb3 26.Qh2 Bh6 27.Be4 d3 28.Bxd3 Rxd5 29.Bc2 Rxd1+
30.Rxd1 Qb6 31.Qh4 Qc7 32.Bb3 Qb6  1/2-1/2

[Event "USA-op Los Angeles"]
[Site "Los Angeles"]
[Date "1991.??.??"]
[Round "?"]
[White "Wolff, Patrick G"]
[Black "Ftacnik, Lubomir"]
[Result "1/2-1/2"]
[WhiteElo "2545"]
[BlackElo "2575"]

1.e4 c5 2.Nf3 d6 3.d4 cxd4 4.Nxd4 Nf6 5.Nc3 a6 6.f4 Qc7 7.Nf3 e6 8.Bd3 Nc6
9.O-O Be7 10.Qe1 Nd7 11.Qg3 O-O 12.f5 Bf6 13.Kh1 Nce5 14.Bf4 b5 15.Nd4 Nc5
16.Bg5 Bxg5 17.Qxg5 f6 18.Qd2 b4 19.Nd1 Qb6 20.Nxe6 Nxe6 21.fxe6 Bxe6 22.Be2 Qc6
23.Qxb4 Rfb8 24.Qd2 Qxe4 25.b3 Qb4 26.c3 Qc5 27.Ne3 a5 28.Nc2 Bd5 29.Nd4 Be4
30.Rf4 d5 31.a4 Rb6 32.Bb5 Rc8 33.b4 Qxc3 34.Qxc3 Rxc3 35.bxa5 Rb8 36.a6 Ra8
37.Rff1 Nd3 38.Kg1 h5 39.a5 Nb4 40.Rfc1 Rxc1+ 41.Rxc1 Bd3 42.Bxd3 Nxd3 43.Rb1 Rxa6
44.Rb5 Kf7 45.Rxd5 Ne5 46.Rb5 g5 47.Rb7+ Kg6 48.Nb3 Nc4 49.Rb5 h4 50.Kf2 Ra7
51.Ke2 h3 52.gxh3 Rh7 53.Kf2 Rxh3 54.Kg1 Rxb3 55.Rxb3 Nxa5 56.Rc3 Nb7 57.Kf2 Nd6
58.Kf3 Nf7 59.Ra3  1/2-1/2

[Event "USA-op Los Angeles"]
[Site "Los Angeles"]
[Date "1991.??.??"]
[Round "?"]
[White "Wolff, Patrick G"]
[Black "Rowley, Robert"]
[Result "1-0"]
[WhiteElo "2545"]
[BlackElo "2380"]

1.e4 e5 2.Nf3 Nc6 3.Bb5 a6 4.Ba4 d6 5.c3 Bd7 6.d4 Nf6 7.Nbd2 Be7 8.O-O O-O
9.Re1 Re8 10.Nf1 Bf8 11.Ng3 g6 12.h3 Bg7 13.Bg5 h6 14.Bd2 Kh7 15.b4 Ng8 16.Bb3 Rf8
17.dxe5 Nxe5 18.Nxe5 Bxe5 19.f4 Bg7 20.Qf3 Qh4 21.Rac1 Rae8 22.Be3 Bc6 23.Bf2 Qd8
24.f5 Qg5 25.Bd4 Nf6 26.Be3 Qh4 27.Bxf7 Nxe4 28.Bxe8 Rxe8 29.fxg6+ Kh8 30.Nf5 Qd8
31.Nxg7 Nf6 32.Nxe8 Bxf3 33.Bd4 Qc8 34.Nxf6 Kg7 35.Re8 Qf5 36.Rg8+  1-0